Prācīna Mahārāshṭra. (Record no. 63107)

MARC details
000 -LEADER
fixed length control field 00576cam a22002291 4500
001 - CONTROL NUMBER
control field sa 65003374
003 - CONTROL NUMBER IDENTIFIER
control field DLC
005 - DATE AND TIME OF LATEST TRANSACTION
control field 20260227112122.0
008 - FIXED-LENGTH DATA ELEMENTS--GENERAL INFORMATION
fixed length control field 890712m19359999ii a 000 0 maro
010 ## - LIBRARY OF CONGRESS CONTROL NUMBER
LC control number sa 65003374
035 ## - SYSTEM CONTROL NUMBER
System control number (OCoLC)19997734
040 ## - CATALOGING SOURCE
Original cataloging agency DLC
Transcribing agency WaU
Modifying agency DLC
042 ## - AUTHENTICATION CODE
Authentication code premarc
043 ## - GEOGRAPHIC AREA CODE
Geographic area code a-ii---
050 00 - LIBRARY OF CONGRESS CALL NUMBER
Classification number DS485.M34
Item number K4
100 1# - MAIN ENTRY--PERSONAL NAME
Personal name Ketkar, Shridhar Venkatesh,
Dates associated with a name 1884-1937.
245 10 - TITLE STATEMENT
Title Prācīna Mahārāshṭra.
260 ## - PUBLICATION, DISTRIBUTION, ETC.
Date of publication, distribution, etc. 1935-
300 ## - PHYSICAL DESCRIPTION
Extent v.
Other physical details illus.
Dimensions 26 cm.
500 ## - GENERAL NOTE
General note In Marathi.
651 #0 - SUBJECT ADDED ENTRY--GEOGRAPHIC NAME
Geographic name Maharashtra (India)
General subdivision History

No items available.

Powered by Koha